BIBLIOTECA

SENCICO

Análisis y diseño de estructuras con SAP 2000 : (Registro nro. 9870)

Detalles MARC
000 -LEADER
Campo de control de longitud fija 01512nam a22002897a 4500
003 - IDENTIFICADOR DEL NÚMERO DE CONTROL
Campo de control PE SENCICO BE
005 - FECHA Y HORA DE LA ÚLTIMA TRANSACCIÓN
Campo de control 20260415163013.0
008 - ELEMENTOS DE LONGITUD FIJA - INFORMACIÓN GENERAL
Campo de control de longitud fija 260415b |||||||| |||| 00| 0 eng d
017 ## - NÚMERO DEL REGISTRO DE DERECHOS DE AUTOR O DEL DEPÓSITO LEGAL
Fuente 2006-8622
020 ## - ISBN
ISBN 9972-2565-4-5
040 ## - FUENTE DE CATALOGACIÓN
Origen de catalogación PE SENCICO BE
Agencia que realiza la transcripción PE SENCICO BE
041 ## - CÓDIGO DE IDIOMA
Idioma del texto spa
082 ## - NÚMERO DE CLASIFICACIÓN DECIMAL DEWEY
Código de Clasificación Dewey 624.17
Notación Interna C88
Año de la edición 2006
100 1# - ASIENTO PRINCIPAL--NOMBRE PERSONAL
Autor Personal Cruz Ramos, Jorge
9 (RLIN) 625
Término relacionado autor
245 1# - MENCIÓN DEL TITULO
Título Análisis y diseño de estructuras con SAP 2000 :
Subtítulo con aplicaciones SAFE /
Mención de responsabilidad Jorge Cruz Ramos
250 ## - MENCIÓN DE EDICIÓN
Edición 2a ed.
260 ## - PUBLICACIÓN, DISTRIBUCIÓN, ETC. (PIE DE IMPRENTA)
Lugar de publicación, distribución, etc. Lima :
Nombre de la Editorial, Distribuidor, etc. Grupo universitario SAC ;
Fecha de publicación, distribución, etc. 2006
300 ## - DESCRIPCIÓN FÍSICA
Paginación 576 paginas :
Otros detalles físicos ilustraciones ;
Dimensión 20.5 cm.
505 0# - NOTA DE CONTENIDO CON FORMATO PREESTABLECIDOE
Contenido o índice Principales comandos del SAP 2000 – Análisis y diseño de una sección viga cajón – Análisis y diseño longitudinal de un puente – Análisis multimodal para un puente continuo -- Tanque enterrado – Análisis y diseño de una viga cimentación – Análisis y diseño de pilotes para cerco – Análisis de un túnel – Análisis y diseño de un acueducto.
520 3# - NOTA DE RESUMEN, ETC.
Resumen, etc. Pone a disposición de los lectores un mejor entrenamiento en el uso de las herramientas de cálculo y diseño del SAP 2000. Este libro se basa en el uso práctico, pero con información teórica que permita tomar las decisiones de diseño.
650 10 - ASIENTO SECUNDARIO DE MATERIA - TERMINO TEMÁTICO
Término de tema o elemento de entrada de nombre geográfico Análisis estructural (Ingeniería)
9 (RLIN) 420
650 20 - ASIENTO SECUNDARIO DE MATERIA - TERMINO TEMÁTICO
Término de tema o elemento de entrada de nombre geográfico Diseño de estructuras
9 (RLIN) 344
650 20 - ASIENTO SECUNDARIO DE MATERIA - TERMINO TEMÁTICO
Término de tema o elemento de entrada de nombre geográfico Sistemas constructivos
9 (RLIN) 587
650 20 - ASIENTO SECUNDARIO DE MATERIA - TERMINO TEMÁTICO
Término de tema o elemento de entrada de nombre geográfico Sap 2000 (Programa para computadora)
9 (RLIN) 626
910 ## - RESPONSABLE DEL REGISTRO
Coordinador de procesamiento de la información hfp
942 ## - ELEMENTOS DE KOHA
Fuente de clasificación o esquema de estanterías Dewey Decimal Classification
Tipo de documento Libros
999 ## -
-- 9870
-- 9870
Existencias
Estado Retiro Estado Perdido Sistema de Clasificación o Esquema de Estantería Estado Dañado No es para préstamo Ubicación Permanente Ubicación Actual Fecha de adquisición Total Checkouts Signatura topográfica completa Código de Barras Date last seen Precio efectivo desde Tipo de ítem
    Dewey Decimal Classification     Biblioteca Tacna Biblioteca Tacna 15/04/2026   624.17/C88/2006 BibZtacn26042607 15/04/2026 15/04/2026 Libros